Собрание сочинений. Т. 6: Убийства по алфавиту | Час Нуль (Запись № 7283533)
[ простой вид ]
| 000 -МАРКЕР | |
|---|---|
| контрольное поле | 01190nam2a22002531 4500 |
| 001 - ИДЕНТИФИКАТОР ЗАПИСИ | |
| контрольное поле | rc\96717 |
| 005 - ИДЕНТИФИКАТОР ВЕРСИИ | |
| контрольное поле | 20250620200836.0 |
| 010 ## - МЕЖДУНАРОДНЫЙ СТАНДАРТНЫЙ НОМЕР КНИГИ (ISBN) | |
| Номер (ISBN) | 5-7664-0508-1 |
| Тираж | 51000 |
| 035 ## - ДРУГИЕ СИСТЕМНЫЕ НОМЕРА | |
| Идентификатор записи | (NLR Aleph) 005401914 |
| 100 ## - ДАННЫЕ ОБЩЕЙ ОБРАБОТКИ | |
| Данные общей обработки | 20021216d1991 |||y0rusy50 ca |
| 101 0# - ЯЗЫК РЕСУРСА | |
| Язык текста, звукозаписи и т.д. | русский |
| 102 ## - СТРАНА ПУБЛИКАЦИИ ИЛИ ПРОИЗВОДСТВА | |
| Страна публикации | Российская Федерация |
| 105 ## - ПОЛЕ КОДИРОВАННЫХ ДАННЫХ: ТЕКСТОВЫЕ МАТЕРИАЛЫ, МОНОГРАФИЧЕСКИЕ | |
| Кодированные данные о монографическом текстовом документе | a ||||||||| |
| 200 1# - ЗАГЛАВИЕ И СВЕДЕНИЯ ОБ ОТВЕТСТВЕННОСТИ | |
| Основное заглавие | Убийства по алфавиту |
| -- | Час Нуль |
| Сведения, относящиеся к заглавию | Романы |
| Первые сведения об ответственности | [Пер. А.А. Креснин] |
| 210 ## - ПУБЛИКАЦИЯ, РАСПРОСТРАНЕНИЕ И ДР. | |
| Имя издателя, распространителя и т. д. | СП "Интербук". Харьк. центр |
| Дата издания, распространения и т.д. | 1991 |
| Место издания, распространения и т.д. | Б. м. |
| 215 ## - ФИЗИЧЕСКАЯ ХАРАКТЕРИСТИКА | |
| Специфическое обозначение материала и объем | 342, [1] с. |
| Другие сведения о физической характеристике | ил. |
| 461 #0 - УРОВЕНЬ НАБОРА | |
| Встроенное поле | 001rc\96711 |
| -- | 2001#$aСобрание сочинений$eВ 20 т.$e[Пер. с англ.]$fАгата Кристи$g[Сост., предисл., общ. ред. И.А. Осиновской]$vТ. 6 |
| -- | 700#1$aКристи$bА.$f1890-1976$gАгата$3RU\NLR\AUTH\772006 |
| Системный номер (АБИС) связанной записи | 7283475 |
| Автор | Кристи, А. (1890-1976) |
| Место публикации | Харьков |
| Дата публикации | 1991- |
| Первые сведения об ответственности | Агата Кристи |
| Имя издателя, распространителя и т.д. | ХСП "Интербук" |
| Сведения, относящиеся к заглавию | В 20 т. : [Пер. с англ.] |
| Заглавие | Собрание сочинений |
| ISBN | 5766405014 |
| Номер тома | Т. 6 |
| 801 #0 - ИСТОЧНИК ЗАПИСИ | |
| Страна | Российская Федерация |
| Организация | NLR |
| Правила каталогизации | psbo |
| 801 #1 - ИСТОЧНИК ЗАПИСИ | |
| Страна | Российская Федерация |
| Организация | ELAR |
| Источник данных | rusmarc |
| 852 ## - МЕСТОНАХОЖДЕНИЕ И ШИФР ХРАНЕНИЯ | |
| Идентификатор организации | NLR |
| Шифр хранения (Call Number) | 91-3/967 |
| 942 ## - ДОПОЛНИТЕЛЬНЫЕ ЭЛЕМЕНТЫ ЗАПИСИ (АБИС) | |
| Тип экземпляра АБИС | Книга |
| 980 ## - КОЛЛЕКЦИЯ | |
| Название коллекции | Национальная библиография |
| Тип экземпляра | Дата поступления | Библиотека постоянного хранения | Библиотека текущего хранения | Место хранения | Шифр хранения | Штрих-код | Статус экземпляра | Источник поступления | Стоимость |
|---|---|---|---|---|---|---|---|---|---|
| Книга | 26.10.2013 | РНБ (Московский) | РНБ (Московский) | Русский книжный фонд: издания с 1957 года | 91-3/967 | 5401914-10 | |||
| Книга | 21.08.2019 | РНБ (Московский) | РНБ (Московский) | Обменный фонд | 1-938214 | Подсобные фонды РНБ | 70.00 |